|
|
|
|
| LEADER |
01098nam a22002772a 4500 |
| 001 |
000339362 |
| 003 |
CZ BrMZK |
| 005 |
20240116110724.0 |
| 007 |
ta |
| 008 |
980107s1955 xr f f cze d |
| 015 |
|
|
|a cnb000679834
|
| 035 |
|
|
|a (OCoLC)85448393
|
| 040 |
|
|
|a BOA001
|b cze
|
| 100 |
1 |
|
|a Zátopek, Emil,
|d 1922-2000
|7 jk01152198
|4 aut
|
| 245 |
1 |
0 |
|a Můj trening a závodění /
|c Emil Zátopek ; redigovali Otakar Mašek a Vladimír Matoušek
|
| 250 |
|
|
|a 1. vyd.
|
| 260 |
|
|
|a Praha :
|b Státní tělovýchovné nakladatelství,
|c 1955
|
| 300 |
|
|
|a 92 s., příl.
|
| 700 |
1 |
|
|a Matoušek, Vladimír,
|c edt
|
| 700 |
1 |
|
|a Mašek, Otakar
|7 jk01080558
|4 edt
|
| 856 |
4 |
1 |
|u http://kramerius.kfbz.cz/uuid/uuid:859c480a-c587-463c-af3e-2f0d13efc658
|y Digitalizovaný dokument
|
| 910 |
|
|
|a BOA001
|b PK-0012.502
|b 2-0350.949
|
| 964 |
|
|
|a Zátopek, Emil - trénink - vzpomínky
|
| 990 |
|
|
|a BK
|
| 996 |
6 |
|
|b 2619914055
|c 2-0350.949
|l MZK
|r Sklad / do 24 hodin
|n 23
|w 000339362
|u 000020
|a 1
|e BOA001
|j MZK50
|s P
|
| 996 |
7 |
|
|b 3119804110
|c PK-0012.502
|l MZK
|r Sklad / do 1 hodiny
|n 15
|w 000339362
|u 000010
|a 1
|e BOA001
|j MZK50
|s A
|